Normal view
MARC view
Entry Personal Name
001 - CONTROL NUMBER
- control field: 672002
003 - CONTROL NUMBER IDENTIFIER
- control field:
005 - DATE AND TIME OF LATEST TRANSACTION
- control field: 20210603174830.0
008 - FIXED-LENGTH DATA ELEMENTS
- fixed length control field: 210603|| aca||aabn | a|a d
040 ## - CATALOGING SOURCE
- Original cataloging agency:
- Transcribing agency:
100 ## - HEADING--PERSONAL NAME
- Personal name: பழனியப்பன் பிள்ளை, டி. பி.
670 ## - SOURCE DATA FOUND
- Source citation: Work cat.: (): 880-01 வீரராகவ ஸ்வாமி ஐயங்கார் 200673, திருவேங்கட தல புராணம் திருப்பதி மான்மியம் /, 1949
